Miasta w Stanie Utah - nagła śmierć - Statystyki

Ogólne statystyki
  • Ten quiz został rozwiązany 26 razy
  • Średni wynik to 7 z 15
Answers on the Grid
Answers color-coded by a green-red scale on the quiz's grid according to % correct below.
Salt Lake City
West Valley City
West Jordan
Provo
Saint George
Orem
Sandy
Ogden
Layton
South Jordan
Lehi
Millcreek
Taylorsville
Herriman
Logan
San Jose
San Diego
Seattle
Stockton
Chicago
Detroit
Boise
Sparks
Las Vegas
 
Statystyki odpowiedzi
Odpowiedź % Poprawnych
Salt Lake City
81%
Millcreek
50%
Ogden
50%
Orem
50%
West Jordan
50%
Herriman
44%
Provo
44%
Saint George
44%
Sandy
44%
West Valley City
44%
Lehi
38%
South Jordan
38%
Taylorsville
38%
Layton
31%
Logan
25%
Nie znaleziono quizów pasujących do podanych kryteriów
Rozkład punktacji
Procent ludzi z każdym wynikiem
Percentyl według liczby udzielonych odpowiedzi
Twoja historia wyników
Nie rozwiązałeś tego quizu